[Event "Portugal Open 2020"]
[Site "Lisbon"]
[Date "2020.01.30"]
[Round "7.16"]
[White "Stella, Andrea"]
[Black "Santos, Jose Guilherme B Lim"]
[Result "1-0"]
[WhiteElo "2465"]
[BlackElo "2211"]
[Annotator "ChessBase"]
[PlyCount "107"]
[EventDate "2020.01.25"]
[EventType "swiss"]
[EventCountry "POR"]
[SourceTitle "playchess.com"]
[Source "ChessBase"]
[SourceQuality "1"]
[TimeControl "5400+30"]

1. d4 {[%emt 0:03:28]} Nf6 {[%emt 0:00:00]} 2. Nf3 {[%emt 0:00:12]} e6 {[%emt 0:00:00]} 3. g3 {[%emt 0:00:06]} b6 {[%emt 0:03:22]} 4. Bg2 {[%emt 0:00:15]} Bb7 {[%emt 0:00:06]} 5. O-O {[%emt 0:00:07]} Be7 {[%emt 0:00:11]} 6. c4 {[%emt 0:00:05]} d6 {[%emt 0:00:31]} 7. Nc3 {[%emt 0:05:25]} O-O {[%emt 0:01:28]} 8. d5 {[%emt 0:02:17]} exd5 {[%emt 0:23:51]} 9. cxd5 {[%emt 0:03:58]} b5 {[%emt 0:07:23]} 10. Nxb5 {[%emt 0:13:36]} Nxd5 {[%emt 0:05:08]} 11. Nfd4 {[%emt 0:15:49]} Qd7 {[%emt 0:11:06]} 12. e4 {[%emt 0:03:08]} Nb6 {[%emt 0:04:31]} 13. Re1 {[%emt 0:21:09]} Bf6 {[%emt 0:09:09]} 14. a4 {[%emt 0:04:38]} a6 {[%emt 0:08:02]} 15. Nc3 {[%emt 0:02:13]} Nc6 {[%emt 0:00:43]} 16. Nxc6 {[%emt 0:09:23]} Bxc6 {[%emt 0:04:17]} 17. a5 {[%emt 0:00:21]} Bxc3 {[%emt 0:00:58]} 18. bxc3 {[%emt 0:00:38]} Na4 {[%emt 0:00:34]} 19. c4 {[%emt 0:02:35]} Rab8 {[%emt 0:00:55]} 20. f3 {[%emt 0:02:39]} Nc5 {[%emt 0:06:19]} 21. Be3 {[%emt 0:02:02]} Qe6 {[%emt 0:04:54]} 22. Qe2 {[%emt 0:04:15]} Rb4 {[%emt 0:02:25]} 23. Bxc5 {[%emt 0:01:42]} dxc5 {[%emt 0:00:05]} 24. Qf2 {[%emt 0:00:03]} Qe5 {[%emt 0:04:48]} 25. f4 {[%emt 0:01:20]} Qd4 {[%emt 0:00:26]} 26. Qxd4 {[%emt 0:00:27]} cxd4 {[%emt 0:00:04]} 27. Bf1 {[%emt 0:00:19]} Rd8 {[%emt 0:00:55]} 28. Bd3 {[%emt 0:00:22]} Rdb8 {[%emt 0:00:44]} 29. c5 {[%emt 0:00:47]} Bb5 {[%emt 0:00:41]} 30. Red1 {[%emt 0:00:46]} Kf8 {[%emt 0:00:24]} 31. e5 {[%emt 0:00:38]} Bxd3 {[%emt 0:00:42]} 32. Rxd3 {[%emt 0:00:00]} Ke7 {[%emt 0:00:10]} 33. Rad1 {[%emt 0:00:51]} Rd8 {[%emt 0:00:03]} 34. Kf2 {[%emt 0:00:39]} Ke6 {[%emt 0:00:07]} 35. Kf3 {[%emt 0:00:24]} Kd5 {[%emt 0:00:11]} 36. c6 {[%emt 0:00:16]} Rdb8 {[%emt 0:00:36]} 37. Kg4 {[%emt 0:00:22]} R8b5 {[%emt 0:00:40]} 38. Kf5 {[%emt 0:00:22]} Rxa5 {[%emt 0:00:15]} 39. g4 {[%emt 0:00:01]} Rc5 {[%emt 0:00:38]} 40. Rh3 {[%emt 0:00:22]} h6 {[%emt 0:00:26]} 41. g5 {[%emt 0:00:16]} hxg5 {[%emt 0:01:01]} 42. Rh7 {[%emt 0:00:00]} Rxc6 {[%emt 0:01:22]} 43. Rxg7 {[%emt 0:00:14]} gxf4 {[%emt 0:00:02]} 44. Rxf7 {[%emt 0:00:09]} f3 {[%emt 0:01:01]} 45. Rd7+ {[%emt 0:00:45]} Kc5 {[%emt 0:00:04]} 46. e6 {[%emt 0:01:54]} Rbb6 {[%emt 0:01:04]} 47. Rc1+ {[%emt 0:00:51]} Kb5 {[%emt 0:00:20]} 48. Rd5+ {[%emt 0:00:34]} Kb4 {[%emt 0:00:17]} 49. Rxd4+ {[%emt 0:00:15]} Ka5 {[%emt 0:00:21]} 50. Rxc6 {[%emt 0:00:16]} Rxc6 {[%emt 0:00:07]} 51. e7 {[%emt 0:00:26]} f2 {[%emt 0:00:02]} 52. Rf4 {[%emt 0:00:05]} Rc5+ {[%emt 0:00:30]} 53. Kf6 {[%emt 0:00:36]} Rc4 {[%emt 0:00:12]} 54. Rf5+ {[%emt 0:00:24]} 1-0

[Event "Portugal Open 2020"]
[Site "Lisbon"]
[Date "2020.01.30"]
[Round "7.17"]
[White "Balbuena Fuentes, Mario"]
[Black "Butkiewicz, Lukasz"]
[Result "1-0"]
[WhiteElo "2234"]
[BlackElo "2416"]
[Annotator "TA"]
[PlyCount "73"]
[EventDate "2020.01.25"]
[EventType "swiss"]
[EventCountry "POR"]
[SourceTitle "playchess.com"]
[Source "ChessBase"]
[SourceQuality "1"]

{[%evp 9,85,8,17,7,18,13,20,16,37,0,15,0,0,0,25,3,27,8,20,6,26,-16,22,0,0,0,0,0,14,-81,0,0,2,0,7,-43,125,121,169,161,166,160,294,295,294,295,273,287,379,372,360,359,360,379,385,357,401,240,422,425,418,402,362,360,321,311,633,632,1055,1021,29980,29975,29981,632,568,0,29979,29979]} 1. Nf3 d5 2. b3 Bg4 3. e3 Nd7 4. Bb2 Ngf6 5. h3 Bh5 6. d3 {A06: Réti Opening: 1 Nf3 d5} e6 7. g4 Bg6 8. Nh4 {The position is equal.} Bb4+ 9. c3 {[#]} (9. Nd2 {looks sharper.} e5 10. Bg2 c6 11. O-O O-O 12. a3) 9... Be7 $146 ({Predecessor:} 9... Bd6 10. Be2 O-O 11. c4 Bb4+ 12. Bc3 Bxc3+ 13. Nxc3 c6 14. g5 Ne8 15. Nxg6 fxg6 {0-1 (68) Sotnikov,A (2301)-Polschikov,A (2325) Cheliabinsk 2009}) 10. Nxg6 hxg6 11. Bg2 c6 12. Nd2 a5 13. Qc2 a4 14. c4 Qa5 15. Ke2 Bb4 16. a3 (16. Rhc1 {is more complex.} Kf8 17. bxa4 Qxa4 18. a3 Be7 19. Bd4) 16... Bxd2 $1 17. b4 $1 {[%cal Rb4a5] [#]} Bxb4 $1 18. axb4 Qxb4 19. cxd5 (19. Rhb1 $11 {remains equal.} Qa5 20. g5) 19... exd5 ({Don't play} 19... cxd5 $6 20. Ba3 $14) ({Better is} 19... Nxd5 $17 20. Rhb1 Qa5 21. Bxd5 Qxd5 22. Rxa4 Rd8) 20. Ba3 $36 {[%mdl 2048] White is more active.} Qa5 21. Rab1 {Strongly threatening g5.} Qa6 22. g5 Nh5 $2 (22... Ne4 $15 {stays ahead.}) 23. Rhc1 $1 $16 f6 24. Qb2 O-O-O {[#]} 25. Bxd5 $1 Ne5 {[#]} (25... Rhe8 $16 26. Bc4 Qa7) 26. Bxc6 $1 $18 {[%mdl 512]} Nxc6 {[#]} (26... bxc6 27. Qb8+) 27. Rxc6+ $1 {[%mdl 512]} Qxc6 28. Rc1 Rhe8 29. Rxc6+ bxc6 30. Qb6 Re6 31. Qa6+ Kd7 32. Qxa4 fxg5 33. d4 (33. Qa7+ $142 Kc8 34. Bb4) 33... Ke8 $2 (33... Nf4+ 34. Kf3 Nd5 35. Qa7+ Kc8) 34. Qa7 Rd7 35. Qb8+ Rd8 36. Qb7 Nf4+ 37. Kf3 {Played: Ke2-f1} 1-0

[Event "Portugal Open 2020"]
[Site "Lisbon"]
[Date "2020.01.30"]
[Round "7.18"]
[White "Vasli, Aref"]
[Black "Poysti, Nathanael"]
[Result "0-1"]
[WhiteElo "2391"]
[BlackElo "2203"]
[Annotator "TA"]
[PlyCount "102"]
[EventDate "2020.01.25"]
[EventType "swiss"]
[EventCountry "POR"]
[SourceTitle "playchess.com"]
[Source "ChessBase"]
[SourceQuality "1"]

{[%evp 11,102,-12,-14,-11,-4,-12,-8,0,0,-11,0,-45,-8,-25,-19,-37,0,-31,-29,-39,-23,-52,-36,-78,-68,-82,-69,-70,-66,-70,-72,-82,-45,-76,-54,-78,-72,-87,-104,-140,-147,-136,-143,-171,-64,-141,-130,-116,-57,-68,-52,-48,-36,-71,-37,-108,-104,-117,-110,-123,-130,-137,-126,-209,-145,-144,-122,-516,-517,-506,-500,-475,-318,-200,-95,-96,-9,-247,-245,-741,-723,-689,-681,-5181,-5173,-5133,-5093,-4710,-4702,-2316,-1827,-5683,-5320]} 1. Nf3 c5 2. g3 Nc6 3. Bg2 g6 4. O-O Bg7 5. c3 e5 6. e4 Nge7 7. Na3 {A04: Unusual lines after 1 Nf3 and King's Indian Attack} O-O 8. Re1 d6 9. d3 {The position is equal.} h6 10. Nc2 f5 11. exf5 Nxf5 12. Ne3 Nfe7 {[#]} 13. Qb3+ $146 ({Predecessor:} 13. h3 Be6 14. Ng4 Kh7 15. Bd2 Qd7 16. Qe2 Rae8 17. Qd1 Ng8 18. Be3 Re7 19. Rc1 Ref7 {½-½ (19) Kelecevic,M (2337)-Jakovljevic,V (2355) Jahorina 2001}) 13... Kh8 14. Nd2 Rb8 15. a4 b6 16. Ndf1 Ba6 17. Be4 Qd7 18. Rd1 Rbd8 19. Nd5 Nxd5 20. Bxd5 Ne7 $36 {[%mdl 2048] Black is really pushing.} 21. Bg2 d5 22. Qc2 Rf7 23. a5 {White wants to play axb6.} b5 24. Be3 d4 25. cxd4 exd4 (25... cxd4 26. Bd2 $15) 26. Bd2 c4 27. Be1 Nf5 (27... Nc6 $19 28. f4 g5) 28. Nd2 (28. Bb4 $15) 28... Rc8 $17 29. Ne4 {[#]} Nd6 (29... c3 $1 $17 {[%mdl 512]} 30. Qb3 (30. bxc3 dxc3) 30... Bb7) 30. Bb4 $15 Nxe4 31. Bxe4 Rf6 32. Qd2 Re6 33. f3 (33. Re1 $1 $15) 33... Bb7 $17 34. Rac1 Kh7 35. Kg2 Bxe4 36. fxe4 h5 37. Qe2 (37. Rc2 $17) 37... Qb7 38. Kg1 Rce8 39. dxc4 $2 {[%mdl 8192]} (39. Rf1 $17) 39... Rxe4 $19 40. Qg2 bxc4 41. Rxc4 Qf7 42. Qf1 Qe6 (42... Qd7 $19 {is more deadly.} 43. Rd3 Re2) 43. Rc7 $17 {[#] aiming for Bf8.} Re2 (43... Qb3 $1 $17 {[%cal Rb3b4]} 44. Bc5 Kh8 45. Rxg7 {[%mdl 64] Remove Defender} (45. Bxa7 $2 Rf8 $19) (45. Rxa7 Re2 $19) 45... Kxg7 46. Bxd4+ Kg8) 44. Rd3 $2 {[#]} (44. Qf7 $11 {and White stays safe.} Qe3+ 45. Kf1) 44... Kg8 $1 $19 {...Bf8 is the strong threat.} ({Weaker is} 44... Rxb2 45. Bf8 $11) 45. b3 $2 (45. Bd2) 45... Bh6 {White must now prevent ...Be3+.Black is clearly winning.} 46. Qf3 Be3+ 47. Kh1 Rf2 48. Rxe3 dxe3 49. Qb7 Qe4+ 50. Qxe4 Rxe4 51. Kg1 Rxb4 {Accuracy: White = 47%, Black = 76%.} 0-1

[Event "Portugal Open 2020"]
[Site "Lisbon"]
[Date "2020.01.30"]
[Round "7.19"]
[White "Cambando, Jose"]
[Black "Sarkar, Justin"]
[Result "0-1"]
[WhiteElo "2166"]
[BlackElo "2385"]
[Annotator "TA"]
[PlyCount "60"]
[EventDate "2020.01.25"]
[EventType "swiss"]
[EventCountry "POR"]
[SourceTitle "playchess.com"]
[Source "ChessBase"]
[SourceQuality "1"]

{[%evp 9,60,41,41,37,28,37,33,13,21,11,21,12,18,0,0,0,0,0,-2,-6,0,-5,0,-10,25,26,54,58,79,79,77,73,68,56,56,42,69,67,69,58,53,-78,-121,-195,-202,-380,-378,-376,-375,-363,-366,-368,-343]} 1. e4 c5 2. Nf3 Nf6 3. e5 Nd5 4. c4 Nb4 5. a3 N4c6 6. b4 $1 {[#] B29: Sicilian: 2 Nf3 Nf6 (Nimzowitsch Variation)} b6 $146 ({Predecessor:} 6... d6 7. exd6 exd6 8. b5 Ne5 9. Nxe5 dxe5 10. Bb2 Bd6 11. g3 O-O 12. Bg2 Nd7 {½-½ (27) Grover,S (2310)-Souleidis,G (2435) Paleochora 2009}) 7. b5 Na5 $1 8. Bb2 {White is slightly better.} e6 9. Be2 Be7 10. Nc3 Bb7 11. O-O O-O 12. Qc2 d6 13. exd6 Qxd6 14. Ne4 $36 {[%mdl 2048] Black is under pressure.} Bxe4 15. Qxe4 Nd7 16. d4 f5 (16... cxd4 {seems wilder.} 17. Nxd4 Nc5 18. Qc2 Bf6 19. Rad1 Qc7) 17. Qc2 cxd4 18. Nxd4 {And now Rad1 would win.} Nc5 19. Bf3 Rae8 20. Rad1 {[#] aiming for Nxe6!} Qc7 21. Nxe6 Nxe6 22. Bd5 Bf6 $1 {[%cal Rf6b2] ...Bxb2 is the strong threat.} 23. Rfe1 $1 {[%cal Re1e6]} Qf7 $1 {White must now prevent ...Bxb2.} 24. Bxf6 $1 Qxf6 25. Rxe6 (25. Qe2 $14 {is the one way to stay ahead.}) 25... Rxe6 $17 26. Re1 (26. c5 $17) 26... Rfe8 $19 27. Qe2 $2 (27. c5 {is a better defense.} Kf8 28. Bxe6 Rxe6 29. Rf1) 27... Kf8 {Black is winning.} ({Much less strong is} 27... Kf7 28. c5 $19) 28. Bxe6 {[#]} Nb3 $1 29. Qe5 Qxe5 30. Rxe5 Nd4 {Accuracy: White = 88%, Black = 90%.} 0-1

[Event "Portugal Open 2020"]
[Site "Lisbon"]
[Date "2020.01.30"]
[Round "7.20"]
[White "Silich, Yahor"]
[Black "Gonzalez Trigal, Jose Luis"]
[Result "1/2-1/2"]
[WhiteElo "2158"]
[BlackElo "2369"]
[Annotator "TA"]
[PlyCount "75"]
[EventDate "2020.01.25"]
[EventType "swiss"]
[EventCountry "POR"]
[SourceTitle "playchess.com"]
[Source "ChessBase"]
[SourceQuality "1"]

{[%evp 12,75,33,31,38,39,33,38,37,9,30,41,48,45,56,55,89,91,95,67,110,48,49,26,36,4,10,0,6,8,8,14,9,9,20,13,7,0,2,0,0,0,3,0,0,0,0,0,0,0,0,-4,40,30,25,28,25,18,12,0,11,0,13,0,18,0]} 1. e4 c5 2. Nf3 d6 3. Bb5+ Bd7 4. Bxd7+ Nxd7 5. O-O Ngf6 6. Qe2 g6 7. c3 Bh6 {B50: Sicilian: 2...d6, Miscellaneous} 8. d4 Bxc1 9. Rxc1 O-O {White is slightly better.} 10. Nbd2 Qb6 11. e5 dxe5 12. dxe5 Nh5 {[#]} 13. Qe4 $146 ({Predecessor:} 13. Nc4 Qa6 14. Qe4 Rad8 15. Rd1 Nb8 16. Ne3 h6 17. Nd5 Qe6 18. h3 b6 19. c4 {½-½ (60) Caruana,F (2787)-Nakamura,H (2793) Saint Louis 2015}) 13... Qe6 14. Re1 Ng7 15. a4 Rab8 {[#]} 16. Rad1 (16. Ng5 $1 $16 Qa6 17. Qh4) 16... Rfd8 $14 17. h3 Nf8 {[%cal Bd7f8,Bf8e6,Be6d8,Bd8f7][%mdl 32]} 18. Nc4 f5 19. Qe2 Qa6 20. b3 Nfe6 21. Rxd8+ Rxd8 22. Rd1 Qc6 23. Rxd8+ Nxd8 24. Qd3 Nge6 25. Ne3 Kg7 26. h4 Nf7 27. Nd5 Qd7 28. Qc4 b6 29. b4 Nfd8 30. bxc5 Nxc5 31. a5 $1 Ne4 32. axb6 axb6 33. Nd4 Qa7 34. Qb4 Kf7 {The position is equal.} 35. Qb3 Kg7 {[#] ...Qa1+ is the strong threat.} 36. Qb4 Kf7 37. Qb3 {White wants to play Nf4+.} Kg7 {And now ...Qa1+ would win.} 38. Qb4 {Accuracy: White = 84%, Black = 89%.} 1/2-1/2

[Event "Portugal Open 2020"]
[Site "Lisbon"]
[Date "2020.01.30"]
[Round "7.21"]
[White "Garcia Dorado, Alberto"]
[Black "Soham Das"]
[Result "0-1"]
[WhiteElo "2152"]
[BlackElo "2355"]
[Annotator "TA"]
[PlyCount "56"]
[EventDate "2020.01.25"]
[EventType "swiss"]
[EventCountry "POR"]
[SourceTitle "playchess.com"]
[Source "ChessBase"]
[SourceQuality "1"]

{[%evp 15,82,18,13,0,27,-11,-12,-14,0,0,5,-12,-8,-15,-1,-33,-41,-69,-72,-110,-115,-132,-103,-109,-92,-175,-183,-176,-185,-194,-181,-205,-211,-212,-205,-193,-77,-87,0,-212,-138,-179,-169,-177,-167,-182,-144,-164,-78,-115,-114,-115,-136,-268,-285,-252,-249,-2260,-2098,-2469,-2580,-29951,-11966,-29988,-29989,-29989,-29990,-29993,-29993]} 1. d4 f5 2. c4 Nf6 3. Nc3 d6 4. Nf3 g6 5. g3 Bg7 6. Bg2 O-O 7. O-O c6 8. Qc2 Na6 9. b3 {A88: Dutch Defence: Leningrad System: 5 Nf3 0-0 6 0-0 d6 7 Nc3 c6} Qa5 10. Bd2 Qc7 11. Rad1 {The position is equal.} e5 12. dxe5 dxe5 {[#]} 13. e4 $146 ({Predecessor:} 13. Bc1 Qe7 14. Qd2 e4 15. Nd4 Ng4 16. Nc2 Qf6 17. Bb2 Be6 18. Na4 Ne5 19. Qa5 {0-1 (51) Ferreira,N (2208)-Fernando,D (2270) Lisbon 2000}) 13... Nc5 {[%cal Rf6e4]} 14. Ng5 f4 15. b4 (15. Bc1 {is more complex.} Bh6 16. Nf3 Bg4 17. Ba3 Qa5 18. Qb2) 15... Ne6 16. Nxe6 Bxe6 17. Ne2 {[%cal Rg3f4]} Qf7 18. Rc1 g5 19. f3 Nd7 20. Be1 (20. c5 $17 {was the only defense.}) 20... Nb6 $1 $19 21. c5 Nc4 22. Bf2 a5 23. gxf4 gxf4 (23... exf4 24. bxa5 Rxa5 25. Nd4 $17) 24. bxa5 Kh8 25. Kh1 Qh5 (25... Bf6 $19 {has better winning chances. White must now prevent ...Rg8.} 26. Rg1 Nxa5) 26. Qb3 $17 Qf7 (26... Rg8 $17 {And now ...Bf6 would win.} 27. a6 (27. Rxc4 Bf6 $15) (27. Qxb7 $2 Nd2 $19) 27... bxa6 28. Rxc4 Bf6) 27. Qc2 $1 $19 Rae8 28. Ng1 Bh6 {Played: Qf7-h5} 0-1

[Event "Portugal Open 2020"]
[Site "Lisbon"]
[Date "2020.01.30"]
[Round "7.22"]
[White "Plichta, Kamil"]
[Black "Santos, Antonio P"]
[Result "1-0"]
[WhiteElo "2353"]
[BlackElo "2152"]
[Annotator "TA"]
[PlyCount "81"]
[EventDate "2020.01.25"]
[EventType "swiss"]
[EventCountry "POR"]
[SourceTitle "playchess.com"]
[Source "ChessBase"]
[SourceQuality "1"]

{[%evp 23,81,21,45,1,8,0,9,7,27,24,30,19,27,0,0,0,0,0,7,0,0,0,0,0,0,0,0,-6,0,0,0,0,0,0,0,0,0,-19,0,0,0,0,6,0,0,0,99,99,548,543,550,545,546,545,531,415,401,396,594,581]} 1. Nf3 c5 2. g3 b6 3. Bg2 Bb7 4. O-O Nf6 5. c4 e6 6. b3 Be7 7. Bb2 O-O 8. Nc3 d6 9. d4 cxd4 10. Qxd4 Nbd7 11. Rfd1 a6 12. e4 Qc7 13. Ba3 {[%cal Ra3d6] A30: Symmetrical English: Double Fianchetto and Hedgehog} Nc5 {[%cal Rf6e4]} 14. e5 dxe5 15. Qxe5 {The position is equal.} Rac8 16. Qxc7 Rxc7 17. Ne5 Rfc8 18. Bxc5 Bxc5 19. Na4 Bxg2 20. Kxg2 {[#]} g5 $146 ({Predecessor:} 20... Kf8 21. Nxc5 Rxc5 22. Nd7+ Nxd7 23. Rxd7 R8c7 24. Rad1 Rxd7 25. Rxd7 Rc6 26. Rb7 a5 {1-0 (53) Pranavananda,V (2246)-Shailesh,D (2188) Dindigul 2015}) 21. Rab1 {[#] Black must now prevent b4.} b5 22. Nxc5 Rxc5 23. Nd3 R5c7 24. cxb5 axb5 25. Nb4 Ne4 {aiming for ...Nc3.} 26. Rd4 Nc3 27. Re1 Kg7 28. h4 h6 29. Kh3 Kg6 30. Kg4 h5+ 31. Kh3 g4+ 32. Kg2 Ra7 33. Rc1 Rcc7 34. Rc2 f6 {[#]} (34... Kg7 $11) 35. Rd6 $1 $16 {[%cal Rd6c6] And now Rc6 would win.} e5 $2 {[%mdl 8192]} (35... Kf7 $16) 36. Rc6 $18 Nxa2 37. Rxa2 ({Less strong is} 37. Rxc7 Nxb4 38. Rxa7 Nxc2 $16) 37... Rxc6 38. Rxa7 Rc3 39. Rb7 Rxb3 40. Rxb5 e4 (40... Rb1 $142 41. Rb6 Rd1) 41. Rb6 {Accuracy: White = 87%, Black = 75%.} 1-0

[Event "Portugal Open 2020"]
[Site "Lisbon"]
[Date "2020.01.30"]
[Round "7.23"]
[White "Rocha, Sergio"]
[Black "Hulshof, Peter"]
[Result "1-0"]
[WhiteElo "2343"]
[BlackElo "2192"]
[Annotator "TA"]
[PlyCount "59"]
[EventDate "2020.01.25"]
[EventType "swiss"]
[EventCountry "POR"]
[SourceTitle "playchess.com"]
[Source "ChessBase"]
[SourceQuality "1"]

{[%evp 16,93,0,0,31,-13,0,0,16,2,6,-7,0,-20,0,-10,0,0,0,-24,-24,-30,-7,-16,0,0,0,0,0,0,8,0,104,89,220,0,85,60,166,163,153,49,527,531,507,534,506,456,415,389,623,468,373,128,419,247,719,648,599,589,2654,2014,3153,2812,29985,1676,29990,29991,29991,29986,29978,816,748,986,896,733,29990,29991,29997,29998]} 1. d4 g6 2. Nf3 Bg7 3. e4 c6 4. h3 d5 5. Nc3 Nf6 6. e5 Ne4 7. Bd3 Nxc3 8. bxc3 c5 9. O-O Nc6 {B15: Caro-Kann: 3 Nc3: 3...g6 and 3...dxe4 4 Nxe4 Nf6 5 Nxf6+ exf6} 10. a4 Qa5 (10... c4 $5 11. Be2 $8 O-O $11) 11. Bd2 c4 {The position is equal.} 12. Be2 {[#]} O-O $146 ({Predecessor:} 12... h5 13. Nh4 e6 14. Qe1 Bf8 15. Bg5 Be7 16. Nf3 Bd7 17. Qd2 b6 18. g4 Kd8 19. Bxe7+ Nxe7 {0-1 (70) Fakhrutdinov,T (2481)-Eliseev,A (2379) St Petersburg 2018}) 13. Nh4 f6 14. f4 fxe5 15. fxe5 Rxf1+ 16. Bxf1 Bd7 17. g4 Rf8 18. Bg2 e6 19. Qc1 Nd8 20. Nf3 Bxa4 21. g5 b5 22. Nh2 Qb6 23. Ng4 Rf5 (23... Kh8 $11) 24. Nf6+ $16 Bxf6 (24... Kh8 $16) 25. exf6 $2 (25. gxf6 $18 {Threatens to win with Qa3.} Nc6 26. Qa3) 25... Nf7 (25... Qc7 $11 {remains equal.}) 26. h4 Qd6 (26... e5 $14) 27. Qe1 $18 a6 28. Bh3 (28. Ra2 $16) 28... Rf3 $2 {[%mdl 8192]} ({Black should play} 28... Bxc2 $14 29. Bxf5 Bxf5) 29. Bxe6 Kf8 {[#]} 30. Kg2 {Played: Be6xd5} 1-0

[Event "Portugal Open 2020"]
[Site "Lisbon"]
[Date "2020.01.30"]
[Round "7.24"]
[White "Tscharotschkin, Michael"]
[Black "Napoli, Nicolo"]
[Result "1/2-1/2"]
[WhiteElo "2156"]
[BlackElo "2333"]
[Annotator "TA"]
[PlyCount "106"]
[EventDate "2020.01.25"]
[EventType "swiss"]
[EventCountry "POR"]
[SourceTitle "playchess.com"]
[Source "ChessBase"]
[SourceQuality "1"]

{[%evp 9,106,0,-1,-5,0,0,20,0,0,-4,-10,-12,-8,-8,34,-11,-8,-31,31,46,41,31,64,19,34,37,41,38,49,6,6,8,30,26,21,16,19,4,4,0,0,2,4,0,5,0,0,0,0,0,0,0,0,0,0,-1,0,0,0,0,6,0,0,0,0,0,0,-1,0,0,0,0,0,0,0,0,0,0,0,0,0,0,0,0,0,0,0,0,0,0,0,0,0,0,0,0,0,0,0]} 1. d4 Nf6 2. Nf3 e6 3. Bf4 c5 4. e3 Nd5 5. Bxb8 Rxb8 {[#]} 6. e4 $146 {A46: 1 d4 Nf6 2 Nf3 e6: Torre, London and Colle Systems} ({Predecessor:} 6. c4 Nf6 7. Nc3 cxd4 8. Qxd4 Qa5 9. O-O-O Be7 10. Bd3 d6 11. Bb1 e5 12. Qd3 {1-0 (36) Alvarez Pedraza,A (2471)-Rios,C (2436) Panama City 2017}) 6... Nf6 7. e5 Qa5+ 8. Nbd2 Ne4 9. c3 Nxd2 10. Qxd2 cxd4 11. Qxd4 Bc5 12. Qd2 {[#] b4 is the strong threat.} (12. Qg4 $5 {[%cal Rg4g7]}) 12... Be7 13. Bd3 f6 (13... b5 $15) 14. exf6 $14 Bxf6 15. Qf4 Ra8 16. Qe4 d5 17. Qf4 O-O 18. O-O Qb6 19. Rab1 Bd7 20. Ne5 Be8 21. Qg3 Bb5 22. Bxb5 {The position is equal.} Qxb5 23. Rfe1 (23. Qg4 {is interesting.} Rae8 24. Rfe1 Bd8 25. Re2 Bc7 26. g3) 23... Qa4 $132 {[%mdl 2048] And now ...Bh4 would win. Black is fighting back} 24. Qg4 Qxg4 25. Nxg4 Kf7 26. Rbd1 Rfc8 27. f4 Rc4 28. g3 Ra4 29. a3 a5 30. Ne5+ Bxe5 31. Rxe5 $11 {[%mdl 4096] Endgame KRR-KRR} g6 32. Kf2 Ra6 33. Ke3 Rc4 34. Rd4 Rc7 35. Kd3 Rac6 36. Re2 Kf6 37. Ke3 h6 38. h4 Rc4 39. Rxc4 Rxc4 {KR-KR} 40. Kf3 b5 41. g4 b4 42. g5+ hxg5 43. hxg5+ Kf7 {White must now prevent ...bxa3.} 44. axb4 axb4 45. cxb4 Rxb4 46. Rc2 Ke7 47. Rc7+ Kd6 48. Rg7 Rb3+ 49. Kg4 d4 50. Rxg6 {[#] Hoping for f5.} d3 {( -> ...d2)} 51. Kf3 Kd5 52. Ke3 e5 53. fxe5 Kxe5 {Accuracy: White = 93%, Black = 94%.} 1/2-1/2

[Event "Portugal Open 2020"]
[Site "Lisbon"]
[Date "2020.01.30"]
[Round "7.25"]
[White "Silva, Goncalo Nuno Neto Pi"]
[Black "Esquivias Quintero, Luis Manuel"]
[Result "0-1"]
[WhiteElo "2133"]
[BlackElo "2318"]
[Annotator "TA"]
[PlyCount "62"]
[EventDate "2020.01.25"]
[EventType "swiss"]
[EventCountry "POR"]
[SourceTitle "playchess.com"]
[Source "ChessBase"]
[SourceQuality "1"]

{[%evp 9,62,-16,-8,-18,-13,-11,-15,-56,-45,-62,-60,-71,-69,-195,-178,-281,-292,-270,-158,-179,-175,-174,-111,-119,-94,-218,-148,-178,-145,-168,-150,-236,-235,-238,-235,-227,-235,-230,-229,-235,-235,-235,-242,-229,-240,-266,-257,-272,-287,-370,-374,-378,-291,-710,-697]} 1. e4 c5 2. Nf3 d6 3. b4 cxb4 4. d4 Nf6 5. Bd3 g6 6. O-O {B50: Sicilian: 2...d6, Miscellaneous} Bg7 7. h3 O-O {[#]} 8. Be3 $146 {The position is equal.} ({Predecessor:} 8. a3 bxa3 9. Bxa3 Nc6 10. d5 Nb8 11. Nbd2 Nbd7 12. Nb3 Nh5 13. Qd2 Ne5 14. Nxe5 Bxe5 {0-1 (57) Popovic,M (2408)-Miranovic,R (2384) Sremska Mitrovica 2006}) 8... e5 9. Nbd2 exd4 10. Nxd4 Re8 11. f4 {[#]} (11. a3 $15) 11... Nd5 $1 $19 {[%mdl 512]} 12. exd5 (12. Bf2 $142 Nxf4 13. Qf3 Nxd3 14. cxd3) 12... Rxe3 13. N4f3 Qf6 (13... Bxa1 14. Qxa1 Nd7 15. Qd4 $19) ({Better is} 13... Nd7 $19 {...Nb6 is the strong threat.} 14. Rb1 Nf6) 14. Nc4 Re8 ({Don't play} 14... Qxa1 15. Qxa1 Bxa1 16. Nxe3 $15) ({Worse is} 14... Qxf4 15. Nfd2 $11) 15. Qd2 {[#]} b5 (15... Na6 $1 $19 16. Rab1 Bd7) 16. Na5 $17 Qd8 17. Qxb4 (17. Rae1 $17) 17... Qb6+ 18. Kh1 Na6 $36 {[%cal Bb8a6,Ba6c7,Bc7d5][%mdl 2080] Black is on the roll.} 19. Qxb5 Nc7 20. Qxb6 (20. Qa4 $17 {was necessary.} Bxa1 21. Rxa1) 20... axb6 $19 21. Nc4 Bxa1 ({Inferior is} 21... Nxd5 22. Rae1 $15) 22. Rxa1 Nxd5 23. f5 Nb4 24. fxg6 hxg6 25. Nxb6 Rxa2 26. Rxa2 Nxa2 27. Bb5 Rd8 28. Nd4 Bb7 29. c4 Nc3 30. Kg1 d5 31. Bc6 $2 (31. cxd5 Nxd5 32. Nxd5 Rxd5 33. Bc6 Bxc6 34. Nxc6) 31... dxc4 {[%mdl 64] Discovered Attack. Accuracy: White = 45%, Black = 72%.} 0-1